• 首页
  • 本馆介绍
  • 公告通知
  • 最新文献
  • 馆藏检索
  • 电子资源
  • 读者导购
  • 参考咨询
  • 我的图书馆
  • 登录
  • 详细信息显示
  • 放入我的书架
  • 预约/预借图书
  • 作者相关作品
  • 分类相关作品
  • 丛书相关作品
  • 出版社相关作品

书目信息

  • 表格格式
  • 工作单格式
  • 卡片格式
题名:
Flask Web开发实战
    
 
作者: 李辉 著
分册:  
出版信息: 北京   机械工业出版社  2021.5
页数: 19,684页
开本: 24cm
丛书名: Web开发技术丛书
单 册:
中图分类: TP311.56 , TP312PY
科图分类:
主题词: 面向对象语言--软件工具--程序设计
电子资源:
ISBN: 978-7-111-60659-8
000 01407nam0 2200313 45
001 012001000606
005 20140911161029.0
010    @a978-7-111-60659-8@dCNY129.00
100    @a20181031d2018 em y0chiy50 ea
101 0  @achi
102    @aCN@b110000
105    @ay z 000yy
106    @ar
200 1  @aFlask Web开发实战@AFlask Web kai fa shi zhan@b专著@e入门、进阶与原理解析@dPython web development with flask@f李辉著@zeng
210    @a北京@c机械工业出版社@d2021.5
215    @a19,684页@d24cm
225 1  @aWeb开发技术丛书
300    @a并列题名:Python web development with flask
314    @a李辉,男,Flask官方开发团队成员,知乎专栏“hello, flask!”作者。
330    @a本书共16章,分为三部分。第一部分基础篇(第1~6章)通过大量的程序实例详细介绍了Flask的所有基础知识,同时在每章的后面又提供了一些进阶技巧。第二部分实战篇(第7~11章)通过5个真实的项目案例来串接和阐释不同的知识点。第三部分进阶篇(第12~16章)首先介绍了Flask程序的部署流程:测试、性能优化和部署上线;然后通过一个真实的实例讲解了Flask扩展的开发,最后以源代码为切入点深入剖析了Flask的实现原理与主要工作机制。
461  0 @12001 @aWeb开发技术丛书
510 1  @aPython web development with flask@zeng
606 0  @a面向对象语言@x软件工具@x程序设计
610 0  @aPython
690    @aTP311.56@v5
690    @aTP312PY@v5
701  0 @a李辉@Ali hui@4著
801  0 @aCN@bBJSDL@c20211011
905    @b1331822-5@dTP311.56@e1715@f4
    
    Flask Web开发实战:入门、进阶与原理解析=Python web development with flask/李辉著.-北京:机械工业出版社,2021.5
    19,684页;24cm.-(Web开发技术丛书)
    并列题名:Python web development with flask
    
    ISBN 978-7-111-60659-8:CNY129.00
    本书共16章,分为三部分。第一部分基础篇(第1~6章)通过大量的程序实例详细介绍了Flask的所有基础知识,同时在每章的后面又提供了一些进阶技巧。第二部分实战篇(第7~11章)通过5个真实的项目案例来串接和阐释不同的知识点。第三部分进阶篇(第12~16章)首先介绍了Flask程序的部署流程:测试、性能优化和部署上线;然后通过一个真实的实例讲解了Flask扩展的开发,最后以源代码为切入点深入剖析了Flask的实现原理与主要工作机制。
●
相关链接 在E读中查询图书 在五车中查询图书 在当当中查询图书 在豆瓣中查询图书


正题名:Flask Web开发实战     索取号:TP311.56/1715         预约/预借

序号 登录号 条形码 馆藏地/架位号 状态 备注
1 1331822   213318220   第二样本阅览室/ [索取号:TP311.56/1715] 在馆    
2 1331823   213318239   第三借阅区/ [索取号:TP311.56/1715] 在馆    
3 1331824   213318248   第三借阅区/ [索取号:TP311.56/1715] 在馆    
4 1331825   213318257   第三借阅区/ [索取号:TP311.56/1715] 在馆    
唐山师范学院图书馆 欢迎您!
大连网信软件有限公司© 版权所有